|
|
|
|
| LEADER |
00680nam a22002172a 4500 |
| 001 |
000941574 |
| 003 |
CZ BrMZK |
| 005 |
20090612134008.0 |
| 007 |
ta |
| 008 |
090527s1952 xxu er|||||||||||eng d |
| 040 |
|
|
|a BOA001
|b cze
|
| 100 |
1 |
|
|a Copland, Aaron,
|d 1900-1990
|7 jn19990001489
|4 aut
|
| 245 |
1 |
0 |
|a Music and imagination :
|b the Charles Eliot Norton lectures 1951-1952 /
|c Aaron Copland
|
| 250 |
|
|
|a 4. printing
|
| 260 |
|
|
|a New York :
|b Mentor Book,
|c 1952
|
| 300 |
|
|
|a 127 s.
|
| 504 |
|
|
|a Obsahuje bibliografii
|
| 910 |
|
|
|a BOA001
|b 1-0614.181
|
| 990 |
|
|
|a BK
|
| 991 |
|
|
|b 200905
|
| 996 |
7 |
|
|b 2619484877
|c 1-0614.181
|l MZK
|r Sklad / do 1 hodiny
|n 1
|w 000941574
|u 000010
|a 1
|e BOA001
|j MZK50
|s A
|